Normal view
MARC view
- Problem solving through C
Entry Topical Term
001 - CONTROL NUMBER
- control field: 97890
003 - CONTROL NUMBER IDENTIFIER
- control field: NUST
005 - DATE AND TIME OF LATEST TRANSACTION
- control field: 20220818082352.0
008 - FIXED-LENGTH DATA ELEMENTS
- fixed length control field: 220818|| aca||aabn | a|a d
040 ## - CATALOGING SOURCE
- Original cataloging agency: NUST
- Transcribing agency: NUST
150 ## - HEADING--TOPICAL TERM
- Topical term or geographic name entry element: Problem solving through C
670 ## - SOURCE DATA FOUND
- Source citation: Work cat.: (NUST)179640: Programming and problem solving through C / , 2004
